|
|
|
|
| LEADER |
01310nam a22002777a 4500 |
| 001 |
30330 |
| 003 |
BD-DhAAL |
| 005 |
20241007152209.0 |
| 008 |
151021s2011 bg a|||| b||| 00| 0 eng d |
| 040 |
|
|
|a BD-DhAAL
|c BD-DhAAL
|
| 082 |
|
|
|a 307.1412095492
|2 22
|
| 100 |
|
|
|a Bhattacharjee, Anindita.
|9 15609
|
| 245 |
|
|
|a Profile of the adolescent girls :
|b findings from the baseline survey for Social and Financial Empowerment of Adolescent (SoFEA) program /
|c Anindita Bhattacharjee.
|
| 260 |
|
|
|a Dhaka :
|b Research and Evaluation Division, BRAC,
|c 2011.
|
| 300 |
|
|
|a 40 pages :
|b illustrations ;
|c 25 cm
|
| 490 |
|
|
|a Research monograph series / BRAC ;
|v 46
|
| 541 |
|
|
|e 30330
|a Complimentary copy from BRAC
|
| 610 |
|
|
|a BRAC
|9 15610
|
| 650 |
|
|
|a Rural development
|z Bangladesh.
|9 15611
|
| 700 |
|
|
|a Das, Narayan C.
|9 15732
|
| 710 |
|
|
|a BRAC (Organization).
|b Research and Evaluation Division.
|9 15610
|
| 830 |
|
|
|a Research monograph series / BRAC ;
|v 46
|9 56922
|
| 852 |
|
|
|a Ayesha Abed Library
|c BRAC Resource Section
|
| 942 |
|
|
|2 ddc
|c BK
|
| 999 |
|
|
|c 36024
|d 36024
|
| 952 |
|
|
|0 0
|1 0
|2 ddc
|4 0
|6 307_141209549200000_BHA
|7 1
|8 RPT
|9 56599
|a BRACUL
|b BRACUL
|c BRS
|d 2015-11-03
|e Complimentary copy from BRAC
|l 0
|o 307.1412095492 BHA
|p 3010030330
|r 2015-11-03
|t 1
|w 2015-11-03
|y BK
|x Complimentary copy from BRAC ; price not available in register
|